Christ the eternal Son / (Record no. 5619)

MARC details
000 -LEADER
fixed length control field 00943nam a2200301 a 4500
001 - CONTROL NUMBER
control field 51519
003 - CONTROL NUMBER IDENTIFIER
control field GBCCL
005 - DATE AND TIME OF LATEST TRANSACTION
control field 20241126110546.0
008 - FIXED-LENGTH DATA ELEMENTS--GENERAL INFORMATION
fixed length control field 910909s1991 pau 000 0 eng
010 ## -
-- 91058235
020 ## - INTERNATIONAL STANDARD BOOK NUMBER
International Standard Book Number 0903843668
035 ## - SYSTEM CONTROL NUMBER
System control number (OCoLC)25834703
040 ## - CATALOGING SOURCE
Original cataloging agency DLC
Transcribing agency DLC
Modifying agency LBB
049 ## -
-- LBBK
050 00 -
-- BS2615.4
-- .T69 1991
082 00 - DEWEY DECIMAL CLASSIFICATION NUMBER
Classification number 252.099
Edition information 20
Item number TOZ
090 ## - LOCALLY ASSIGNED LC-TYPE CALL NUMBER (OCLC); LOCAL CALL NUMBER (RLIN)
Classification number (OCLC) (R) ; Classification number, CALL (RLIN) (NR) BS2615.4
Local cutter number (OCLC) ; Book number/undivided call number, CALL (RLIN) .T69 1991
100 1# - MAIN ENTRY--PERSONAL NAME
Personal name Tozer, A. W.
Fuller form of name (Aiden Wilson),
Dates associated with a name 1897-1963.
9 (RLIN) 1497
245 10 - TITLE STATEMENT
Title Christ the eternal Son /
Statement of responsibility, etc. A.W. Tozer ; edited and compiled by Gerald B. Smith.
260 ## - PUBLICATION, DISTRIBUTION, ETC.
Place of publication, distribution, etc. Kent, England :
Name of publisher, distributor, etc. STL Books,
Date of publication, distribution, etc. 1982, c1981.
300 ## - PHYSICAL DESCRIPTION
Extent 136 p. ;
Dimensions 21 cm.
610 20 - SUBJECT ADDED ENTRY--CORPORATE NAME
Corporate name or jurisdiction name as entry element Christian and Missionary Alliance
General subdivision Sermons.
9 (RLIN) 2783
630 00 - SUBJECT ADDED ENTRY--UNIFORM TITLE
Uniform title Bible.
Name of part/section of a work N.T.
-- John I
General subdivision Sermons.
9 (RLIN) 10157
630 00 - SUBJECT ADDED ENTRY--UNIFORM TITLE
Uniform title Bible.
Name of part/section of a work N.T.
-- John III
General subdivision Sermons.
9 (RLIN) 10158
650 #0 - SUBJECT ADDED ENTRY--TOPICAL TERM
Topical term or geographic name entry element Sermons, American.
9 (RLIN) 270
700 1# - ADDED ENTRY--PERSONAL NAME
Personal name Smith, Gerald B.
9 (RLIN) 2785
942 ## - ADDED ENTRY ELEMENTS (KOHA)
Source of classification or shelving scheme Dewey Decimal Classification
Koha item type Books
Holdings
Withdrawn status Lost status Source of classification or shelving scheme Damaged status Not for loan Home library Current Library Shelving location Date acquired Total checkouts Full call number Barcode Date last seen Copy number Price effective from Koha item type
    Dewey Decimal Classification     GRACE BIBLE COLLEGE GRACE BIBLE COLLEGE Ministry & Mission 2018-04-02   252.099 TOZ 005573 2025-05-01 c.1 2018-04-02 Books
© Grace Bible College Library 2025